Cliquez sur les pays d'Asie sur une carte sans frontières - Statistiques

Statistiques générales
  • Ce quiz a été pris 686 fois
  • Le résultat moyen est 34 sur 48
Réponses sur la Carte
Les réponses sont colorées sur une échelle allant du rouge au vert en fonction du pourcentage des utilisateurs qui les ont devinées à leur premier essai. Vous pouvez retrouver ces pourcentages ci-dessous.
 
Statistiques - réponses
Réponse % Correct
Chine
83%
Arabie Saoudite
82%
Inde
82%
Corée du Sud
81%
Indonésie
81%
Japon
81%
Turquie
81%
Philippines
79%
Sri Lanka
79%
Corée du Nord
78%
Maldives
78%
Israël
77%
Singapour
76%
Taïwan
76%
Chypre
75%
Iran
75%
Qatar
75%
Birmanie
74%
Oman
74%
Yémen
74%
Émirats Arabes Unis
72%
Viêt Nam
72%
Liban
71%
Bahreïn
70%
Kazakhstan
70%
Géorgie
69%
Malaisie
69%
Népal
69%
Bangladesh
68%
Pakistan
68%
Mongolie
67%
Syrie
67%
Azerbaïdjan
66%
Bhoutan
66%
Cambodge
66%
Thaïlande
66%
Koweït
65%
Arménie
64%
Timor Oriental
62%
Afghanistan
61%
Irak
61%
Turkménistan
60%
Laos
59%
Jordanie
58%
Brunei
57%
Ouzbékistan
55%
Kirghizistan
54%
Tadjikistan
52%
Aucun quiz correspondant
Distribution des résultats
% des personnes avec chaque résultat
Percentile par nombre de réponses
Votre historique - résultats
Vous n’avez pas pris ce quiz